Os coelhinhos... descobrem a quinta (Registo nº 4545)

Detalhes MARC
000 -Etiqueta do registo
Cabeçalho 00819nam0a2200265 4500
005 - Identificador da versão
Campo de controlo 20240904165738.0
010 ## - Número internacional normalizado dos livros (ISBN)
Número (ISBN) 9724104206
021 ## - Número do Depósito Legal
Código do país PT
Número 80696/94
100 ## - Dados gerais de processamento
Dados gerais de processamento 20161202d1994 c y0pory5003 ba
101 1# - Língua de publicação
Língua do texto, banda sonora, etc. Português
Língua do documento no original Francês
102 ## - Pais de publicação ou produção
País de publicação Portugal
200 1# - Titulo e menção de responsabilidade
Título próprio Os coelhinhos... descobrem a quinta
Primeira menção de responsabilidade adapt. Joëlle Barnabé
Outras menções de responsabilidade il. Sylvie Rainaud
-- trad. Maria Judite Cardoso
205 ## - Menção da edição
Menção da edição 4ª ed
210 ## - Publicação, Distribuição, etc. 
Lugar da edição, distribuição, etc. Porto
Nome do editor, distribuidor, etc. Asa
Data da publicação, distribuição, etc. 1994
215 ## - Descrição física 
Indicação específica da natureza do documento e extensão da espécie [18] p.
Outras indicações físicas il. color
225 1# - Colecção 
Título próprio da colecção Os coelhinhos descobrem ...
Indicação de volume 31
606 ## - Nome comum usado como assunto
Número de registo de entrada de autoridade 0001472
Palavra de ordem Literatura belga em língua francesa
Subdivisão de assunto Conto
Código do sistema CA
675 ## - Classificação Decimal Universal (CDU)
Notação 821.133.1(493)-34
Edição 3ª ed.
Língua da edição por
702 #1 - Nome de autor-pessoa física (responsabilidade secundária)
Número de registo de entrada de autoridade 0001122
Palavra de ordem Barnabé
Outra parte do nome não tomada para palavra de ordem Joëlle
Código de função Adaptador
Número de registo de entrada de autoridade 0000092
Palavra de ordem Rainaud
Outra parte do nome não tomada para palavra de ordem Sylvie
Código de função Ilustrador / Técnico de desenho computorizado
Número de registo de entrada de autoridade 0001123
Palavra de ordem Cardoso
Outra parte do nome não tomada para palavra de ordem Maria Judite
Código de função Tradutor
942 ## - Elementos de entrada adicionados (Koha)
Tipo de item no Koha Livro
966 ## - Identificação da Biblioteca
Sigla EBVEN
Exemplares
Situação do levantamento Origin of item (home branch) (coded) Biblioteca de empréstimo Código de barras Cota Circulation type (not for loan) Tipo de documento Nota do exemplar Damaged status
  Biblioteca Escolar das Vendas Biblioteca Escolar das Vendas BEV15 8EST BAR   Livro Sem mensagem